Divorce et séparation de corps: doctrine et jurisprudence
Saved in:
| Hovedforfatter: | |
|---|---|
| Format: | Bog |
| Sprog: | fransk |
| Udgivet: |
París
Librairie de la Societé du Recueil Général des Lois et des Arrets
1899
|
| Fag: | |
| Tags: |
Tilføj Tag
Ingen Tags, Vær først til at tagge denne postø!
|
MARC
| LEADER | 00000nam a2200000 a 4500 | ||
|---|---|---|---|
| 001 | UCS1201 | ||
| 003 | CL-VaPUC | ||
| 008 | 970509e18990000FR |||||||||||||||||fre|d | ||
| 082 | 0 | 4 | |a 346.016 |b CAR |2 21 |
| 100 | 0 | |a Carpentier, A |e author |9 385443 | |
| 245 | 1 | 0 | |a Divorce et séparation de corps: doctrine et jurisprudence |
| 300 | |a 2 v | ||
| 942 | |c BK | ||
| 945 | |d 19970509 00:00:00 |a cmena | ||
| 260 | |a París |b Librairie de la Societé du Recueil Général des Lois et des Arrets |c 1899 | ||
| 650 | 0 | |a Derecho civil |9 255013 | |
| 650 | 0 | |a Derecho privado |9 258243 | |
| 650 | 7 | |a MATRIMONIO |2 CL-VaPUC |9 385444 | |
| 650 | 0 | |a Divorcio |9 256204 | |
| 650 | 7 | |a SEPARACION DE CUERPOS |2 CL-VaPUC |9 385445 | |
| 650 | 7 | |a NULIDAD DEL MATRIMONIO |2 CL-VaPUC |9 385446 | |
| 650 | 7 | |a EFECTOS DEL MATRIMONIO |2 CL-VaPUC |9 336585 | |
| 650 | 0 | |a Jurisprudencia |9 255952 | |
| 650 | 0 | |a Código civil |9 256135 | |
| 651 | 0 | |a Francia |9 255157 | |
| 583 | |a last modification |c 19970509 00:00:00 |k Rodrigo Vera | ||
| 999 | |c 259302 |d 259300 | ||
| 952 | |0 0 |1 0 |4 0 |6 346_016000000000000_CAR_1899 |7 0 |8 X |9 283955 |a BIBDER |b BIBDER |d 2019-11-19 |h v.1 |i 1849263 |o 346.016 CAR 1899 |p 1849263 |r 2023-01-25 |w 2019-11-19 |y BK_X |k DER | ||
| 952 | |0 0 |1 0 |4 0 |6 346_016000000000000_CAR_1899 |7 0 |8 X |9 283956 |a BIBDER |b BIBDER |d 2019-11-19 |h v.2 |i 1849271 |o 346.016 CAR 1899 |p 1849271 |r 2023-01-25 |w 2019-11-19 |y BK_X |k DER | ||